000 00570nam a22001817a 4500
005 20251108170759.0
008 250721s1999 xx 000 0 ara d
082 1 4 _a575.1/فيص
100 1 _aالفيصل، عبد الحسين
245 1 0 _aالتقنيات المعملية في الهندسة الوراثية /
246 1 1 _alagoratory techniques in genetice engineering
264 1 _aعمان :
_bالأهلية،
_c1999.
300 _a196ص.
650 1 7 _aالوراثة
650 1 7 _aالهندسة الوراثية
942 _2ddc
_cBK
999 _c48824
_d48824